000 00305nam a22001217a 4500
020 _a07-044843-4
082 _a621.381537 MCC'I
100 _aMCCLUSKEY, E. J
_977092
245 _aINTRODUCTION TO THE THEORY OF SWITCHING CIRCUITS
260 _aNEWYORK
_bMCGRAW HILL
_c1965
300 _a318P
942 _cBK
999 _c582417
_d582417